Molecular diagnosis of genetic diseases / (Record no. 592980)
[ view plain ]
| 000 -LEADER | |
|---|---|
| fixed length control field | 01748cam a22003494a 4500 |
| 001 - CONTROL NUMBER | |
| control field | 13104291 |
| 003 - CONTROL NUMBER IDENTIFIER | |
| control field | NUST |
| 005 - DATE AND TIME OF LATEST TRANSACTION | |
| control field | 20230124152049.0 |
| 008 - FIXED-LENGTH DATA ELEMENTS--GENERAL INFORMATION | |
| fixed length control field | 030226s2004 njua b 001 0 eng |
| 010 ## - LIBRARY OF CONGRESS CONTROL NUMBER | |
| LC control number | 2003041744 |
| 020 ## - INTERNATIONAL STANDARD BOOK NUMBER | |
| International Standard Book Number | 0896039323 (alk. paper) |
| 040 ## - CATALOGING SOURCE | |
| Original cataloging agency | DLC |
| Transcribing agency | DLC |
| Modifying agency | DLC |
| 042 ## - AUTHENTICATION CODE | |
| Authentication code | pcc |
| 050 00 - LIBRARY OF CONGRESS CALL NUMBER | |
| Classification number | RB155.6 |
| Item number | .M65 2004 |
| 082 00 - DEWEY DECIMAL CLASSIFICATION NUMBER | |
| Classification number | 616.042 |
| Edition number | 21 |
| 245 00 - TITLE STATEMENT | |
| Title | Molecular diagnosis of genetic diseases / |
| Statement of responsibility, etc. | edited by Rob Elles and Roger Mountford. |
| 250 ## - EDITION STATEMENT | |
| Edition statement | 2nd ed. |
| 260 ## - PUBLICATION, DISTRIBUTION, ETC. | |
| Place of publication, distribution, etc. | Totowa, N.J. : |
| Name of publisher, distributor, etc. | Humana Press, |
| Date of publication, distribution, etc. | c2010. |
| 300 ## - PHYSICAL DESCRIPTION | |
| Extent | x, 387 p. : |
| Other physical details | ill. ; |
| Dimensions | 24 cm. |
| 440 #0 - SERIES STATEMENT/ADDED ENTRY--TITLE | |
| Title | Methods in molecular medicine ; |
| Volume/sequential designation | 92 |
| 9 (RLIN) | 107551 |
| 504 ## - BIBLIOGRAPHY, ETC. NOTE | |
| Bibliography, etc. note | Includes bibliographical references and index. |
| 505 ## - FORMATTED CONTENTS NOTE | |
| Formatted contents note | Optimizing PCR for Clinical Diagnosis -- Current and Emerging Techniques for Diagnostic Mutation Detection -- Mutation Scanning for the Clinical Laboratory -- Comparative Sequence Analysis -- Gene Dosage Analysis -- Prenatal Detection of Chromosome Aneuploidy -- Fragile X Disease -- Huntington's Disease -- Hematological Applications -- Cystic Fibrosis -- Familial Adenomatous Polyposis |
| 650 #0 - SUBJECT ADDED ENTRY--TOPICAL TERM | |
| Topical term or geographic name entry element | Genetic disorders |
| General subdivision | Molecular diagnosis |
| Form subdivision | Laboratory manuals. |
| 9 (RLIN) | 107552 |
| 700 1# - ADDED ENTRY--PERSONAL NAME | |
| Personal name | Elles, Rob. |
| 9 (RLIN) | 107553 |
| 700 1# - ADDED ENTRY--PERSONAL NAME | |
| Personal name | Mountford, Roger. |
| 9 (RLIN) | 107554 |
| 856 41 - ELECTRONIC LOCATION AND ACCESS | |
| Materials specified | Table of contents |
| Uniform Resource Identifier | <a href="http://www.loc.gov/catdir/toc/fy042/2003041744.html">http://www.loc.gov/catdir/toc/fy042/2003041744.html</a> |
| 856 42 - ELECTRONIC LOCATION AND ACCESS | |
| Materials specified | Book review (E-STREAMS) |
| Uniform Resource Identifier | <a href="http://www.e-streams.com/es0707/es0707_3380.html">http://www.e-streams.com/es0707/es0707_3380.html</a> |
| 856 42 - ELECTRONIC LOCATION AND ACCESS | |
| Materials specified | Publisher description |
| Uniform Resource Identifier | <a href="http://www.loc.gov/catdir/enhancements/fy0825/2003041744-d.html">http://www.loc.gov/catdir/enhancements/fy0825/2003041744-d.html</a> |
| 906 ## - LOCAL DATA ELEMENT F, LDF (RLIN) | |
| a | 7 |
| b | cbc |
| c | orignew |
| d | 1 |
| e | ocip |
| f | 20 |
| g | y-gencatlg |
| 942 ## - ADDED ENTRY ELEMENTS (KOHA) | |
| Source of classification or shelving scheme | |
| Koha item type | Book |
| Withdrawn status | Lost status | Source of classification or shelving scheme | Damaged status | Not for loan | Permanent Location | Current Location | Date acquired | Source of acquisition | Total Checkouts | Full call number | Barcode | Date last seen | Copy number | Price effective from | Koha item type |
|---|---|---|---|---|---|---|---|---|---|---|---|---|---|---|---|
| Atta-ur-Rahman School of Applied Biosciences (ASAB) | Atta-ur-Rahman School of Applied Biosciences (ASAB) | 01/20/2023 | Purchase/ (Progressive Books) | 616.042 ELL 2010 3514 | ASAB3514 | 01/24/2023 | 1 | 01/24/2023 | Book |
